Ethics management in libraries and other information services (Record no. 9090)

MARC details
000 -LEADER
fixed length control field 00580nam a2200193Ia 4500
020 ## - INTERNATIONAL STANDARD BOOK NUMBER
ISBN 9780081018941
082 ## - DEWEY DECIMAL CLASSIFICATION NUMBER
Classification number 025.5 PUL-E
100 ## - MAIN ENTRY--AUTHOR NAME
Personal name Pulido, Margarita Perez
245 #0 - TITLE STATEMENT
Title Ethics management in libraries and other information services
260 ## - PUBLICATION, DISTRIBUTION, ETC. (IMPRINT)
Place of publication Cambridge
Name of publisher Chandos Publishing
Year of publication 2018
300 ## - PHYSICAL DESCRIPTION
Number of Pages xii, 174p
440 ## - SERIES STATEMENT/ADDED ENTRY--TITLE
Title Chandos information professional series
504 ## - BIBLIOGRAPHY, ETC. NOTE
Bibliography, etc Includes references & index
650 ## - SUBJECT ADDED ENTRY--TOPICAL TERM
Topical Term Library management
650 ## - SUBJECT ADDED ENTRY--TOPICAL TERM
Topical Term Ethics management
Form subdivision EFQM Model
650 ## - SUBJECT ADDED ENTRY--TOPICAL TERM
Topical Term User services
Form subdivision management
700 ## - ADDED ENTRY--PERSONAL NAME
Personal name Rikowski, Ruth
942 ## - ADDED ENTRY ELEMENTS (KOHA)
Koha item type Books
Holdings
Withdrawn status Lost status Damaged status Not for loan Home library Current library Date acquired Source of acquisition Bill Date Full call number Accession Number Price effective from Koha item type
        NASSDOC Library NASSDOC Library 15/03/2018 OP 2018-02-28 025.5 PUL-E 49607 18/04/2019 Books